| 000 | 00387nam a22001337a 4500 | ||
|---|---|---|---|
| 003 | OSt | ||
| 005 | 20250808112417.0 | ||
| 008 | 230919b |||||||| |||| 00| 0 eng d | ||
| 040 | _cCO-JMCR | ||
| 082 | 0 | 4 |
_aC _bGRAg |
| 100 | 1 | 0 |
_aGrupo editorial norma, _eautor _942918 |
| 245 |
_aEl gran libro de los peluches : _b¡un mundo de aventuras y colo! / _cGrupo editorial norma |
||
| 942 |
_2ddc _cBK |
||
| 999 |
_c30256 _d16640 |
||